00822nam a22002417a 4500003001100000005001700011008004100028020001500069040003900084041000800123082001600131245007600147260003700223300005000260650005500310650002500365700002600390700002400416700002700440942000700467952009100474999001500565LK-CoMWRAF20231030134233.0231013b2003 |||||||| |||| 00| 0 eng d a1559639318 aLK-CoMWRAFdLK-CoMWRAFeLK-CoMWRAF aeng a333.72bMAK aMaking sense of intractable environmental conflicts: bFrames and cases aWashington:bIsland press,c2002 aix, 469 p.: ill, maps ; 24 cmbIndex included aENVIRONMENTAL POLICY-United States -- Case studies aConflict management  aLewicki, Roy J. eed. aGray, Barbara.eed. aElliott, Michael.eed. cBK 00104070aMAINbMAINd2023-10-13l0o333.72 MAKpRAF1741r2023-10-13w2023-10-13yBK c3848d3848